UBT Library

Vector and parallel computing : (Record no. 40468)

000 -LEADER
fixed length control field 00709pam a2200229 a 4500
001 - CONTROL NUMBER
control field 564382
005 - DATE AND TIME OF LATEST TRANSACTION
control field 20180118065745.0
008 - FIXED-LENGTH DATA ELEMENTS--GENERAL INFORMATION
fixed length control field 890828s1989 enka b 001 0 eng
010 ## - LIBRARY OF CONGRESS CONTROL NUMBER
LC control number 89024398
020 ## - INTERNATIONAL STANDARD BOOK NUMBER
International Standard Book Number 0745807569 (Ellis Horwood) :
Terms of availability £29.95
020 ## - INTERNATIONAL STANDARD BOOK NUMBER
International Standard Book Number 0470215712 (Halsted Press)
040 ## - CATALOGING SOURCE
Original cataloging agency DLC
Transcribing agency DLC
Modifying agency DLC
041 ## - LANGUAGE CODE
Language code of text/sound track or separate title eng
080 ## - UNIVERSAL DECIMAL CLASSIFICATION NUMBER
Universal Decimal Classification number 004..35 JAC
082 00 - DEWEY DECIMAL CLASSIFICATION NUMBER
Classification number 004..35 JAC
Edition number 20
100 ## - Rafti
Rafti 30
101 ## - Shkurtesa
Shkurtesa SHK
245 00 - TITLE STATEMENT
Title Vector and parallel computing :
Statement of responsibility, etc editors, Jack Dongarra ... [et al.].
504 ## - BIBLIOGRAPHY, ETC. NOTE
Bibliography, etc Includes bibliographical references and index.
906 ## - LOCAL DATA ELEMENT F, LDF (RLIN)
a 7
b cbc
c orignew
d 1
e ocip
f 19
g y-gencatlg
942 ## - ADDED ENTRY ELEMENTS (KOHA)
Source of classification or shelving scheme
Item type Books
Holdings
Withdrawn status Lost status Source of classification or shelving scheme Damaged status Not for loan Collection code Permanent location Current location Shelving location Date acquired Total Checkouts Full call number Barcode Date last seen Price effective from Koha item type
          Koleksioni i përgjithshem UBT - Lipjan UBT - Lipjan Koleksioni i përgjithshem 01/18/2018   004..35 JAC 002-2995820 01/18/2018 01/18/2018 Books
UBT Library © 2015-2024. All rights reserved University Education for Business and Technology